Batman: Arkham Trivia - Statistics

General Stats
  • This quiz has been taken 396 times
  • The average score is 4 of 15
Answer Stats
Game Question Answer % Correct
Asylum Who is the first boss fight against? Bane
62%
City Which character shouts "Bruce Wayne! You're on my list." during the walkthrough at the beginning of the game? Deadshot
60%
All Games Which is the only game you do NOT have a boss fight against this character? Batman: Arkham Knight
55%
Knight Which body part does Gordon shoot Batman on the Arkham Knight HQ rooftop, sending him plummeting to his "death"? Chest
47%
Origins Who is the first 'important' character to die on-screen? Commissioner Loeb
42%
Asylum What is the first "scannable" item for The Riddler's first riddle? A portrait of Quincy Sharp
41%
Knight What must you do during Johnny Charisma/Joker's song, "Take Me On Home To The Asylum"? Disarm the bombs
40%
Origins How does this character die? Forced into a gas chamber
35%
Knight Which criminal can be seen in the "Knightfall" cutscene? Calendar Man
30%
Asylum Where does this happen? Boiler Room (Medical Facility)
17%
City How many guns does Two-Face pull on Batman in the courtroom? Two guns, bitch!
7%
Origins Who forms the idea of re-opening Arkham Asylum? Shiva
4%
City What is the missing ingredient for Freeze's TITAN cure? R'as al Ghul's blood sample
2%
City (DLC) How many Riddler Trophies must you collect to defeat The Riddler? (Batman AND Catwoman) 282
1%
City (DLC) In a potentially missable conversation between Catwoman and Freeze, what does she jokingly ask for help to steal from a museum? A Pharoah's diamond
0%
No matching quizzes found
Score Distribution
Percent of People with Each Score
Percentile by Number Answered
Your Score History
You have not taken this quiz